000 00485nam a22001937a 4500
005 20210219104137.0
008 210219b1993 ||||| |||| 00| 0 eng d
020 _a2080304964
040 _cDLC
080 _a59
_bF-24
100 _91017
_aFarber.Jules B
245 _aClassic cats /
_bBy great photographers
260 _aMansuls
_bFlammarion
_c1993
300 _a143 p.:
365 _a29.95 USD
650 0 _9466
_aZoology
653 _aზოოლოგია
942 _2udc
_cBK
999 _c1594
_d1594